000 00725cam a22002293a 4500
001 30875
003 PGUSA
005 20140828083652.0
008 100106s2010||||xxu|||||s|||||000 | eng d
040 _aPGUSA
_beng
042 _adc
050 4 _aDC
100 1 _aAbbott, John S. C.
_q(John Stevens Cabot),
_d1805-1877
245 1 0 _aMaria Antoinette :
_bMakers of History
_h[electronic resource] /
_cJohn S. C. Abbott
260 _bProject Gutenberg,
_c2010
506 _aPublic domain in the USA.
516 _aElectronic text
653 _aMarie Antoinette, Queen, consort of Louis XVI, King of France, 1755-1793
830 0 _aProject Gutenberg
_v30875
856 4 0 _uhttp://www.gutenberg.org/ebooks/30875
942 _cEB
999 _c260130
_d260130